Interpretation of the results of control of the organization providing assurance services
Kontrola ako významný faktor činnosti účtovnej jednotky. Prezentácia zistení audítora organizácie poskytujúcej uisťovacie služby. Cieľ audítora poskytujúceho uisťovacie služby v kontexte ISAE 3402. Vypracovanie správy o uistení audítora organizácie poskytujúcej uisťovacie služby.
Gespeichert in:
| 1. Verfasser: | |
|---|---|
| Weitere Verfasser: | |
| Format: | Buchkapitel |
| Sprache: | Slowakisch |
| Schlagworte: | |
| Tags: |
Keine Tags, Fügen Sie das erste Tag hinzu!
|
MARC
| LEADER | 00000naa$a2200000$$$4500 | ||
|---|---|---|---|
| 001 | 0222880 | ||
| 005 | 20240502083553.7 | ||
| 041 | 0 | |a slo | |
| 044 | |a CZ | ||
| 245 | 1 | 0 | |a Interpretation of the results of control of the organization providing assurance services |c Ladislav Kareš, Veronika Kňažková |
| 520 | |a Kontrola ako významný faktor činnosti účtovnej jednotky. Prezentácia zistení audítora organizácie poskytujúcej uisťovacie služby. Cieľ audítora poskytujúceho uisťovacie služby v kontexte ISAE 3402. Vypracovanie správy o uistení audítora organizácie poskytujúcej uisťovacie služby. | ||
| 610 | 2 | 0 | |a audit |
| 610 | 2 | 0 | |a audítori |
| 610 | 2 | 0 | |a služby |
| 610 | 2 | 0 | |a organizácie |
| 610 | 2 | 0 | |a kontrola |
| 100 | 1 | |a Kareš, Ladislav | |
| 700 | 1 | |a Kňažková, Veronika, 1986- | |